| 000 | 01865cam a2200325 a 4500 | ||
|---|---|---|---|
| 999 |
_c14181 _d14181 |
||
| 005 | 20260324181709.0 | ||
| 008 | 020711s2002 enkab 001 0 eng | ||
| 010 | _a 2002284325 | ||
| 020 | _a0471490989 | ||
| 020 | _a9780471490982 | ||
| 035 | _a12850753 | ||
| 035 | _a(OCoLC)48531454 | ||
| 040 |
_aUKM _cUKM _dABC _dC#P _dDLC |
||
| 042 | _alccopycat | ||
| 082 | 0 | 0 |
_a307.1/216 _221 |
| 100 | 1 |
_aWard, Stephen V. _q(Stephen Victor) |
|
| 245 | 1 | 0 |
_aPlanning the twentieth-century city : _bthe advanced capitalist world / _cStephen V. Ward. |
| 260 |
_aChichester : _bWiley, _cc2002. |
||
| 300 |
_ax, 470 p. : _bill., maps ; _c25 cm. |
||
| 504 | _aIncludes bibliographic references (p. 409-444) and index. | ||
| 505 | 0 | _aIntroduction -- Nineteenth-century antecedents -- The emergence of modern planning -- War, reconstruction, and depression I: the major traditions -- War, reconstruction, and depression II: the other traditions -- Reconstruction and modernisation I: the major traditions -- Reconstruction and modernisation II: the other traditions -- The zenith of modernisation and beyond I: the major traditions -- The zenith of modernisation and beyond II: the other traditions -- Globalisation, competitiveness, and sustainability I: the major traditions -- Globalisation, competitiveness, and sustainability II: the other traditions -- Conclusions. | |
| 650 | 0 |
_aCity planning _xHistory _y20th century. |
|
| 650 | 0 |
_aCity planning _vCase studies. |
|
| 650 | 0 |
_aUrban policy _xHistory _y20th century. |
|
| 655 | 7 |
_aCase studies. _2lcgft |
|
| 856 | 4 | 2 |
_3Contributor biographical information _uhttp://www.loc.gov/catdir/bios/wiley042/2002284325.html |
| 856 | 4 | 2 |
_3Publisher description _uhttp://www.loc.gov/catdir/description/wiley034/2002284325.html |
| 856 | 4 | 1 |
_3Table of contents _uhttp://www.loc.gov/catdir/toc/wiley024/2002284325.html |
| 942 | _2ddc | ||